| 000 | 00590nam a2200181Ia 4500 | ||
|---|---|---|---|
| 001 | 19841 | ||
| 005 | 20260306172722.0 | ||
| 008 | 260306t2016||||xx |||||||||||||| ||spa|| | ||
| 041 | _aESP | ||
| 082 |
_a341.11 _bR63 |
||
| 100 |
_aRiofrío Martínez-Villalba, Juan Carlos _eAUT |
||
| 245 | 0 |
_aMetafísica jurídica realista, ser y cambio jurídicos. fuentes del derecho. la pirámide invertida: _bser y cambio jurídicos. Fuentes del derecho. La pirámide invertida |
|
| 260 | _c2016 | ||
| 300 |
_a319 páginas : _c23 cm. |
||
| 650 | _aGEN | ||
| 654 | _aCDE | ||
| 942 |
_cLIB _dJUS _fJUS _2ddc _n |
||
| 999 |
_c19841 _d19841 |
||